000 00583nam a2200181 i 4500
001 134957
003 ES-MaACL
005 20230906194759.0
007 t|
008 070704s1925 sp ||||1| spa d
100 1 _aThomas, Albert.
_9109994
245 1 0 _aLecturas históricas
_b: historia anecdótica del trabajo /
_cAlbert Thomas ; adaptación española por Rodolfo Llopis.
260 _aMadrid :
_bJuan Ortíz,
_c[1925?]
300 _a296 p. :
_bil. ;
_c19 cm.
700 1 _aLlopis, Rodolfo,
_d1895-1983
_972833
852 _aES-MaACL
_jB-12302
999 _c134957
_d134957